000 00745nam a2200193 i 4500
001 111457
003 ES-MaACL
005 20251014063145.0
007 t|
008 061121s1946 ag r ||||1| spa d
100 1 _aMartins, Oliveira,
_d1845-1894
_9129586
245 1 4 _aLos hijos de D. Juan I
_b: príncipes, guerreros y navegantes fundadores de un imperio /
_cJoaquim Pedro de Oliveira Martins ; versión castellana de Carmen de las Cuevas.
260 _aBuenos Aires :
_bAtalaya,
_c1946.
300 _a267 p. :
_bil. ;
_c24 cm.
651 4 _aPortugal-
_xHistoria-
_y1385-1580, Época de los descubrimientos.
_9168875
700 1 _aCuevas, Carmen de las.
_942094
852 _aES-MaACL
_jE-1952
_bR.22855
999 _c111457
_d111457